000 00342nam a2200121Ia 4500
008 160609s9999 xx 000 0 und d
100 _aBen, Long.
245 _aComplete Digital Photography (8th Edition)
245 _cBy:Ben Long
260 _c2014
650 _xDIGITAL PHOTOGRAPHY
856 _uhttp://file.ebook777.com/ComDigPho(8tEdi.pdf
999 _c295750
_d295750